[Event "Reykjavik op"]
[Site "Reykjavik"]
[Date "2025.04.14"]
[Round "8"]
[White "Hermannsson, Sigurbjorn"]
[Black "Tomasdottir, Katrin Osk"]
[Result "1-0"]
[WhiteElo "1870"]
[BlackElo "1485"]
[PlyCount "57"]
[EventDate "2025.04.09"]
[EventType "swiss"]
[EventRounds "9"]
[EventCountry "ISL"]
[SourceTitle "CB17_2025"]
[SourceDate "2025.04.23"]
[SourceVersion "1"]
[SourceVersionDate "2025.04.23"]
[SourceQuality "1"]

1. e4 c5 2. Nf3 e6 3. d4 cxd4 4. Nxd4 Nc6 5. Nc3 a6 6. f4 Qc7 7. Nxc6 Qxc6 8. Bd3 Be7 9. Qe2 Nf6 10. Bd2 b5 11. a3 Bb7 12. 0-0-0 Rc8 13. g4 b4 14. axb4 Bxb4 15. Rhe1 Qc5 16. g5 Ng8 17. Bxa6 Ba3 18. Bxb7 Qb4 19. Qb5 Bxb2+ 20. Kb1 Bxc3+ 21. Qxb4 Bxb4 22. Bxc8 Bc5 23. Bc3 Ne7 24. Bxg7 Rg8 25. Bxd7+ Kd8 26. Be5 Ng6 27. Bxe6+ Ke7 28. Bf6+ Ke8 29. Rd8# 1-0

[Event "Reykjavik op"]
[Site "Reykjavik"]
[Date "2025.04.11"]
[Round "4"]
[White "Hermannsson, Sigurbjorn"]
[Black "Fartmann, Oliver"]
[Result "0-1"]
[WhiteElo "1870"]
[BlackElo "2109"]
[PlyCount "60"]
[EventDate "2025.04.09"]
[EventType "swiss"]
[EventRounds "9"]
[EventCountry "ISL"]
[SourceTitle "CB17_2025"]
[SourceDate "2025.04.23"]
[SourceVersion "1"]
[SourceVersionDate "2025.04.23"]
[SourceQuality "1"]

1. e4 e5 2. Nf3 Nc6 3. Bc4 Nf6 4. Ng5 d5 5. exd5 Na5 6. d3 h6 7. Nf3 e4 8. Nd4 Bc5 9. Be3 0-0 10. Nc3 Bg4 11. Qd2 c6 12. h3 cxd5 13. hxg4 dxc4 14. Nf5 Bxe3 15. Qxe3 Re8 16. Nxh6+ Kf8 17. Qc5+ Qe7 18. Qxe7+ Kxe7 19. Nf5+ Kd7 20. dxe4 Nxe4 21. 0-0-0+ Kc6 22. Nxg7 Nxc3 23. Rh6+ Kb5 24. Nxe8 Ne2+ 25. Kd2 Rxe8 26. Re1 c3+ 27. Kd1 cxb2 28. c4+ Nxc4 29. Rh5+ Ka4 30. Kc2 Nd4+ 0-1

[Event "Reykjavik op"]
[Site "Reykjavik"]
[Date "2025.04.10"]
[Round "2"]
[White "Patel, Zain"]
[Black "Hermannsson, Sigurbjorn"]
[Result "1-0"]
[WhiteElo "2079"]
[BlackElo "1870"]
[PlyCount "99"]
[EventDate "2025.04.09"]
[EventType "swiss"]
[EventRounds "9"]
[EventCountry "ISL"]
[SourceTitle "CB17_2025"]
[SourceDate "2025.04.23"]
[SourceVersion "1"]
[SourceVersionDate "2025.04.23"]
[SourceQuality "1"]

1. Nf3 d5 2. d4 Nf6 3. e3 c5 4. Nbd2 cxd4 5. exd4 e6 6. b3 Bd6 7. Bb2 0-0 8. Bd3 b6 9. Qe2 Bb7 10. 0-0 Nc6 11. a3 Rc8 12. Ne5 Ne7 13. f4 Ne4 14. Nxe4 dxe4 15. Bxe4 Bxe4 16. Qxe4 Bxe5 17. fxe5 Qc7 18. c4 b5 19. Rac1 bxc4 20. bxc4 Qb6 21. Rf2 Qb3 22. Qc2 Qe3 23. Qd2 Nf5 24. d5 exd5 25. cxd5 Qxd2 26. Rxd2 Rxc1+ 27. Bxc1 Rc8 28. Bb2 g6 29. d6 Rd8 30. Rc2 h5 31. Rc7 f6 32. d7 Kf7 33. Rxa7 fxe5 34. Bxe5 Ke6 35. Bc3 Nd6 36. Bb4 Ne4 37. Kf1 Rxd7 38. Rxd7 Kxd7 39. Ke2 Nf6 40. Kf3 Ke6 41. Kf4 Nd5+ 42. Ke4 Nf6+ 43. Kd4 Ng4 44. h3 Nh6 45. a4 Nf5+ 46. Kc5 Ne3 47. Kc6 Nxg2 48. a5 Ne3 49. a6 Nd5 50. Bd6 1-0

[Event "Reykjavik op"]
[Site "Reykjavik"]
[Date "2025.04.09"]
[Round "1"]
[White "Pacin, Ondrej"]
[Black "Hermannsson, Sigurbjorn"]
[Result "0-1"]
[WhiteElo "1598"]
[BlackElo "1870"]
[PlyCount "60"]
[EventDate "2025.04.09"]
[EventType "swiss"]
[EventRounds "9"]
[EventCountry "ISL"]
[SourceTitle "CB17_2025"]
[SourceDate "2025.04.23"]
[SourceVersion "1"]
[SourceVersionDate "2025.04.23"]
[SourceQuality "1"]

1. e4 c5 2. Nf3 Nc6 3. c3 d5 4. exd5 Qxd5 5. d4 e6 6. Be3 cxd4 7. cxd4 Bb4+ 8. Nc3 Qa5 9. Qc2 Nf6 10. Bd3 Nd5 11. Bd2 Bxc3 12. bxc3 Bd7 13. 0-0 Qc7 14. Rfe1 Rc8 15. Rac1 h6 16. Ne5 0-0 17. Nxd7 Qxd7 18. Be4 Nxd4 19. Qd3 Nc6 20. Qg3 Kh8 21. Bxh6 gxh6 22. Qh3 f5 23. Qxh6+ Qh7 24. Qxh7+ Kxh7 25. Bf3 Rfe8 26. c4 Nf6 27. g3 e5 28. Bg2 b6 29. Bh3 Nd4 30. Re3 Nd5 0-1

[Event "York ChessMates 12th"]
[Site "York"]
[Date "2025.03.23"]
[Round "5.34"]
[White "Hermannsson, Sigurbjorn"]
[Black "Berezovsky, Fiorina"]
[Result "1-0"]
[WhiteElo "1849"]
[BlackElo "1816"]
[PlyCount "99"]
[EventDate "2025.03.21"]
[EventType "team-swiss"]
[EventRounds "5"]
[EventCountry "ENG"]
[SourceTitle "CB13_2025"]
[SourceDate "2025.03.26"]
[SourceVersion "1"]
[SourceVersionDate "2025.03.26"]
[SourceQuality "1"]
[WhiteTeam "Iceland"]
[BlackTeam "Monaco"]
[WhiteTeamCountry "ISL"]
[BlackTeamCountry "MNC"]

1. e4 c5 2. Nf3 d6 3. d4 cxd4 4. Nxd4 Nf6 5. Nc3 Nc6 6. Bc4 g6 7. 0-0 Bg7 8. Be3 0-0 9. Kh1 a6 10. f4 Qc7 11. Bb3 e6 12. f5 Nxd4 13. Bxd4 b5 14. fxe6 fxe6 15. Bxf6 Bxf6 16. Nd5 exd5 17. Bxd5+ Kg7 18. Bxa8 Be6 19. Bd5 Bxd5 20. exd5 Bxb2 21. Rxf8 Kxf8 22. Qf3+ Qf7 23. Rf1 Qxf3 24. Rxf3+ Ke7 25. Rb3 Bd4 26. Ra3 Kf6 27. c3 Bc5 28. Rxa6 b4 29. cxb4 Bxb4 30. Ra4 Bc5 31. Re4 Kf5 32. Re7 Kf6 33. Re6+ Kf5 34. g3 g5 35. h3 Ba3 36. Kg2 h5 37. Kf3 g4+ 38. hxg4+ hxg4+ 39. Ke2 Bb2 40. Kd3 Be5 41. Rxe5+ Kxe5 42. Kc4 Ke4 43. a4 Kf3 44. a5 Kxg3 45. a6 Kh2 46. a7 g3 47. a8Q g2 48. Qh8+ Kg3 49. Qg7+ Kh2 50. Qh6+ 1-0

[Event "Godinn CC op"]
[Site "Skutustadir"]
[Date "2025.03.16"]
[Round "6"]
[White "Hermannsson, Sigurbjorn"]
[Black "Johannsdottir, Johanna Bjorg"]
[Result "0-1"]
[WhiteElo "1849"]
[BlackElo "1995"]
[PlyCount "86"]
[EventDate "2025.03.13"]
[EventType "swiss"]
[EventRounds "6"]
[EventCountry "ISL"]
[SourceTitle "CB12_2025"]
[SourceDate "2025.03.19"]
[SourceVersion "1"]
[SourceVersionDate "2025.03.19"]
[SourceQuality "1"]

1. e4 d6 2. d4 Nf6 3. Nc3 Nbd7 4. Be3 e5 5. Be2 Be7 6. g4 h6 7. h4 c6 8. Qd2 b5 9. Bf3 Nb6 10. g5 Nc4 11. Qe2 hxg5 12. Bxg5 exd4 13. e5 Nxe5 14. Bxf6 gxf6 15. Nb1 Bf5 16. Qd2 Qb6 17. c3 Rg8 18. Be2 d3 19. Qf4 Be6 20. Bh5 Bd5 21. Nf3 d2+ 22. Ke2 Bc4+ 23. Kd1 Qxf2 24. Nbxd2 Nd3 25. Qe4 Nxb2+ 26. Kc1 Nd3+ 27. Kc2 d5 28. Qe6 Kd8 29. Qxf7 d4 30. Qh7 Nf4 31. Qh6 d3+ 32. Kb1 Nd5 33. Kb2 b4 34. Raf1 bxc3+ 35. Ka1 Qc5 36. Bf7 Bxa2 37. Ne4 Qa3 38. Qc1 Qa5 39. Nxc3 Bc4+ 40. Kb1 Nxc3+ 41. Qxc3 Qxc3 42. Bxc4 Rb8+ 43. Bb5 Rxb5+ 0-1